Continuous cultivation of microorganisms ; proceedings of the second symposium held in Prague, June 18-23, 1962 /

Bibliographic Details
Corporate Authors: International Symposium on Continuous Cultivation of Microorganisms Prague, Československá akademie věd
Other Authors: Málek, Ivan, Beran, K., Hospodka, J.
Format: Conference Proceeding Book
Language:English
Published: Prague : New York : Pub. House of the Czechoslovak Academy of Sciences; Academic Press, [1964]
Subjects:

MARC

Tag First Indicator Second Indicator Subfields
LEADER 00000cam a2200000 4500
001 in00000044478
005 20151007072955.0
008 750221s1964 cs a b 10010 eng u
010 |a  64021437  
035 |a (OCoLC)01185193 
035 |9 AAE8902AM 
040 |c NED  |d CHS  |d TXA  |d UtOrBLW 
049 |a TXAM  |c [413325] 
050 0 |a QR64.5  |b .I5 1962 
092 |a 576.063  |b I61, 1962 
096 |a QW 4 I61c 1962 
111 2 |a International Symposium on Continuous Cultivation of Microorganisms  |n (2d :  |d 1962 :  |c Prague) 
245 1 0 |a Continuous cultivation of microorganisms ;  |b proceedings of the second symposium held in Prague, June 18-23, 1962 /  |c Edited by I. Malek, K. Beran and J. Hospodka. 
264 1 |a Prague :  |b Pub. House of the Czechoslovak Academy of Sciences;  |a New York :  |b Academic Press,  |c [1964] 
300 |a 391 pages :  |b illustrations ;  |c 25 cm. 
336 |a text  |b txt  |2 rdacontent 
337 |a unmediated  |b n  |2 rdamedia 
338 |a volume  |b nc  |2 rdacarrier 
504 |a Includes bibliographies. 
650 0 |a Microbiology  |x Cultures and culture media  |x Congresses. 
650 0 |a Fermentation  |v Congresses. 
700 1 |a Málek, Ivan. 
700 1 |a Beran, K. 
700 1 |a Hospodka, J. 
710 2 |a Československá akademie věd. 
999 |a MARS 
999 f f |s cdc388d3-a907-3e09-97ea-5d1da70a485f  |i 97175984-8e77-3c2a-ae66-dcb2d5ab241e  |t 0 
952 f f |p normal  |a Texas A&M University  |b College Station  |c Sterling C. Evans Library  |d Evans: Library Stacks  |t 0  |e QR64.5 .I5 1962  |h Library of Congress classification  |i unmediated -- volume  |m A14800980647 
998 f f |a QR64.5 .I5 1962  |t 0  |l Evans: Library Stacks